Statistiche per Film horror con maggiori incassi nella storia del cinema

Clicka qui per fare il quiz!

Statistiche generali

  • Questo quiz è stato fatto 24 volte
  • Il punteggio medio è 4 su 17

Statistiche sulle risposte

Incasso ($)Anno di uscita del filmFilm% Corretto
473 093 2282019It - Capitolo due
95%
701 842 5512017It
84%
441 306 1451973L'Esorcista
53%
319 494 6382013The Conjuring
37%
320 392 8182016The Conjuring 2
37%
365 550 1192018The Nun
32%
306 515 8842017Annabelle 2: Creation
26%
351 692 2682001Hannibal
5%
340 952 9712018A Quiet Place
0%
585 349 0102007Io sono Leggenda
0%
403 354 4692012Prometheus
0%
300 257 4752010Resident Evil: Afterlife
0%
312 242 6262017Resident Evil: The Final Chapter
0%
408 247 9172002Signs
0%
672 806 2921999The Sixth Sense - Il sesto senso
0%
300 257 4752004Van Helsing
0%
540 007 8762013World War Z
0%

Distribuzione punteggi

Percentile per numero di risposta

Percentuale di utenti per punteggio

I tuoi punteggi nel tempo

Non hai fatto questo quiz